[Event "Matinhos Caioba-ch"]
[Site "Matinhos"]
[Date "2015.08.30"]
[Round "6"]
[White "Bispo, Leonardo"]
[Black "Maia, Jonathan Cesar"]
[Result "1-0"]
[WhiteElo "2196"]
[BlackElo "1928"]
[PlyCount "42"]
[EventDate "2015.08.28"]
[EventType "swiss"]
[EventRounds "6"]
[EventCountry "BRA"]
[SourceTitle "EXT 2016"]
[Source "ChessBase"]
[SourceDate "2015.10.08"]
[SourceVersion "1"]
[SourceVersionDate "2015.10.08"]
[SourceQuality "1"]

1. d4 d5 2. c4 e6 3. Nf3 Nf6 4. Nc3 dxc4 5. e3 c5 6. Bxc4 cxd4 7. exd4 Be7 8. 0-0 0-0 9. Qe2 a6 10. Rd1 b5 11. Bb3 Bb7 12. Ne5 Nd5 13. Bc2 Nxc3 14. bxc3 Nd7 15. Bf4 Rc8 16. Qh5 g6 17. Qh3 Nxe5 18. dxe5 Qc7 19. Bb3 Qxc3 20. Qxc3 Rxc3 21. Rd7 Bxg2 1-0